External fire spread (Record no. 115939)
[ view plain ]
| 000 -LEADER | |
|---|---|
| fixed length control field | 01308cam a22002895a 4500 |
| 001 - CONTROL NUMBER | |
| control field | L159479 |
| 008 - FIXED-LENGTH DATA ELEMENTS--GENERAL INFORMATION | |
| fixed length control field | 170801s2016 xxk f 000 0 eng d |
| 020 ## - INTERNATIONAL STANDARD BOOK NUMBER | |
| International Standard Book Number | 9781848064485 |
| 035 ## - SYSTEM CONTROL NUMBER | |
| System control number | (Sirsi) u159479 |
| 041 ## - LANGUAGE CODE | |
| Language code of text/sound track or separate title | eng |
| 050 ## - LIBRARY OF CONGRESS CALL NUMBER | |
| Classification number | 693.82 |
| 100 ## - MAIN ENTRY--PERSONAL NAME | |
| Personal name | Koo, Sung-han |
| 245 ## - TITLE STATEMENT | |
| Title | External fire spread |
| Remainder of title | supplementary guidance to BR 187 incorporating probabilistic and time-based approaches |
| 260 ## - PUBLICATION, DISTRIBUTION, ETC. | |
| Place of publication, distribution, etc. | Watford |
| Name of publisher, distributor, etc. | BRE |
| Date of publication, distribution, etc. | 2016 |
| 300 ## - PHYSICAL DESCRIPTION | |
| Extent | 12p. |
| Other physical details | ill. |
| Dimensions | 30cm. |
| 490 ## - SERIES STATEMENT | |
| Series statement | BRE Information Paper |
| Volume/sequential designation | (IP 3/16) |
| 520 ## - SUMMARY, ETC. | |
| Summary, etc. | Reviews existing fire compartment temperature calculation methods and presents methodologies for assessing the sensitivity of the parametric approach to variations in fire load, window size and insulation of compartment boundaries. Analyses on how these changes affect the building separation distances are summarised. In addition to the current 'steady state' assumption inherent in BR 187, probabilistic and time-based approaches are also considered. |
| 650 ## - SUBJECT ADDED ENTRY--TOPICAL TERM | |
| Topical term or geographic name entry element | AGGREGATE NOTIONAL AREAS |
| 650 ## - SUBJECT ADDED ENTRY--TOPICAL TERM | |
| Topical term or geographic name entry element | ENCLOSING RECTANGLES |
| 650 ## - SUBJECT ADDED ENTRY--TOPICAL TERM | |
| Topical term or geographic name entry element | FIRE RESEARCH STATION |
| 650 ## - SUBJECT ADDED ENTRY--TOPICAL TERM | |
| Topical term or geographic name entry element | FIRE SPREAD |
| 650 ## - SUBJECT ADDED ENTRY--TOPICAL TERM | |
| Topical term or geographic name entry element | HEAT RADIATION |
| 650 ## - SUBJECT ADDED ENTRY--TOPICAL TERM | |
| Topical term or geographic name entry element | SPACE SEPARATION |
| 651 #4 - SUBJECT ADDED ENTRY--GEOGRAPHIC NAME | |
| Geographic name | ENGLAND AND WALES |
| 690 ## - LOCAL SUBJECT ADDED ENTRY--TOPICAL TERM (OCLC, RLIN) | |
| Topical term or geographic name as entry element | BUILT ENVIRONMENT-BUILDING STANDARDS-FIRE REGULATIONS |
| 942 ## - ADDED ENTRY ELEMENTS (KOHA) | |
| Suppress in OPAC | 0 |
| Withdrawn status | Lost status | Source of classification or shelving scheme | Damaged status | Not for loan | Home library | Current library | Shelving location | Date acquired | Total Checkouts | Full call number | Barcode | Date last seen | Copy number | Price effective from | Koha item type |
|---|---|---|---|---|---|---|---|---|---|---|---|---|---|---|---|
| Dewey Decimal Classification | London | London | BRE publications | 01/08/2017 | ENQUIRY DESK | 30078446 | 06/08/2019 | 1 | 06/08/2019 | Book |